000 00543nam a2200193Ia 4500
005 20250522104249.0
008 008 250516s9999 xx 000 0 eng d
020 _a9781003488804
040 _aSDCL
_beng
_cSDCL
041 _aeng
_2eng
084 _aY5927, R5
_qSDCL
100 _aZafir, Deeba
_9751579
245 0 _aCaste and the city :
_bUrban aspirations and sensibility in hindi dalit short fiction
260 _aLondon:
_bRoutledge,
_c2025.
300 _avii,131p.
365 _aINR
_b1295
650 _aEnglish
942 _cTEXL
999 _c1429741
_d1429741